कला और साहित्य कोश / (Record no. 61756)
[ view plain ]
| 000 -LEADER | |
|---|---|
| fixed length control field | 00542nam a22001697a 4500 |
| 005 - DATE AND TIME OF LATEST TRANSACTION | |
| control field | 20120201120027.0 |
| 020 ## - INTERNATIONAL STANDARD BOOK NUMBER | |
| Terms of availability | 550.00 |
| International Standard Book Number | 8174873368 |
| 035 ## - SYSTEM CONTROL NUMBER | |
| System control number | B-101109 |
| 037 ## - SOURCE OF ACQUISITION | |
| Source of stock number/acquisition | |
| Stock number | dpl |
| 082 ## - DEWEY DECIMAL CLASSIFICATION NUMBER | |
| Classification number | 030.954 |
| 100 ## - MAIN ENTRY--PERSONAL NAME | |
| Personal name | |
| 245 1# - TITLE STATEMENT | |
| Title | कला और साहित्य कोश / |
| Statement of responsibility, etc | |
| 260 ## - PUBLICATION, DISTRIBUTION, ETC. (IMPRINT) | |
| Place of publication, distribution, etc | दिल्ली |
| Name of publisher, distributor, etc | राधा पब्लिकेशन्स |
| Date of publication, distribution, etc | 2004 |
| 270 ## - ADDRESS | |
| Address | |
| City | |
| Postal code | |
| Telephone number | |
| 300 ## - PHYSICAL DESCRIPTION | |
| Extent | 386पृ. |
| Dimensions | 22सेमी (सजिल्द) |
| 942 ## - ADDED ENTRY ELEMENTS (KOHA) | |
| Institution code [OBSOLETE] | dpl |
| Item type | Hindi Books |
| Call number prefix | |
| Source of classification or shelving scheme | Dewey Decimal Classification |
| Classification part | 030.954 |
| Call number suffix | कलाऔ |
No items available.
